|
|
|
|
| LEADER |
00000nam a2200000 i 4500 |
| 001 |
1/75183 |
| 008 |
960516s1987 gre d |
| 035 |
|
|
|a 1995
|b 1
|c Δωρεά
|l 10032057
|
| 035 |
|
|
|a 1988
|b 2
|c Αγορά/Καμπουροπούλου
|
| 035 |
|
|
|a 1998
|b 1
|c ΚΠΣ/ΔΕ
|
| 040 |
|
|
|a GR-MY-UA
|b gre
|e aacr
|
| 041 |
0 |
|
|a gre
|
| 082 |
0 |
|
|a 372.52
|
| 100 |
1 |
|
|a Μουζάκης, Τάσος
|d 1931-
|
| 245 |
1 |
0 |
|a Ειδική διδακτική ζωγραφικής /
|c Τάσος Μουζάκης
|
| 260 |
|
|
|a Αθήνα :
|b [χ.ό.],
|c 1987
|
| 300 |
|
|
|a 488 σ.
|
| 650 |
0 |
0 |
|a Art
|x Study and teaching.
|
| 650 |
0 |
0 |
|a Drawing
|x Study and teaching.
|
| 852 |
|
|
|a INST
|b RHODES
|e 19960516
|h 372.52 ΜΟΥ
|p 005400003556
|q 005400003556
|t BK
|y 0
|
| 852 |
|
|
|a INST
|b RHODES
|e 19960516
|h 372.52 ΜΟΥ
|p 005400003557
|q 005400003557
|t BK
|y 0
|
| 852 |
|
|
|a INST
|b RHODES
|e 19960516
|h 372.52 ΜΟΥ
|p 005400003558
|q 005400003558
|t BK
|y 0
|
| 852 |
|
|
|a INST
|b RHODES
|e 19960516
|h 372.52 ΜΟΥ
|p 005400003559
|q 005400003559
|t BK
|y 0
|
| 852 |
|
|
|a INST
|b RHODES
|e 19990114
|h 372.52 ΜΟΥ
|p 005400005876
|q 005400005876
|t BK
|y 0
|
| 852 |
|
|
|a INST
|b RHODES
|e 19960516
|h 372.52 ΜΟΥ
|p 005400007223
|q 005400007223
|t BK
|y 0
|
| 909 |
|
|
|a Ρ
|b 028499
|c 1995
|
| 909 |
|
|
|a Ρ
|b 011628
|c 1988
|
| 909 |
|
|
|a Ρ
|b 011627
|c 1988
|
| 909 |
|
|
|a Ρ
|b 011626
|c 1988
|
| 909 |
|
|
|a Ρ
|b 011625
|c 1988
|
| 909 |
|
|
|a Ρ
|b 053383
|c 1998
|